000
00437nam a2200145Ia 4500
008
100122s9999 xx 000 0 und d
082
_b
62745
_a
920.054
100
_a
पिंगे रविंद्र
245
_a
जिवलग सारे
260
_b
ज्ञानदा प्रकाशन
_c
2000
300
_a
147
630
_a
जिवलग सारे
730
_a
जिवलग सारे
942
_c
BOOK
999
_c
437018
_d
437015